La alcaldización de la política: los municipios en la dictadura pinochetista

Tallennettuna:
Bibliografiset tiedot
Päätekijät: Valdivia Ortíz de Zárate, Verónica (Tekijä), Alvarez Vallejos, Rolando (Tekijä), Donoso Fritz, Karen (Tekijä)
Aineistotyyppi: Kirja
Kieli:espanja
Julkaistu: Santiago Lom 2012
Aiheet:
Tagit: Lisää tagi
Ei tageja, Lisää ensimmäinen tagi!

MARC

LEADER 00000cam a2200000 a 4500
001 UCF7200
003 CL-VaPUC
008 130613e20120000CL |||||||||||||||||spa|d
020 |a 9789560003751 
082 0 4 |a 320.983065  |b VAL  |2 21 
100 0 |a Valdivia Ortíz de Zárate, Verónica  |e author  |9 569195 
700 0 |a Alvarez Vallejos, Rolando  |e author  |9 569196 
700 0 |a Donoso Fritz, Karen  |e author  |9 569197 
245 1 3 |a La alcaldización de la política: los municipios en la dictadura pinochetista 
300 |a 208 p 
942 |c BK 
945 |d 20130613 00:00:00  |a dcastane 
260 |a Santiago  |b Lom  |c 2012 
650 0 |a Historia de Chile siglo 20  |9 268145 
650 0 |a Municipalidades   |9 255557 
650 7 |a GOBIERNO Y ADMINISTRACION  |2 CL-VaPUC  |9 258649 
650 0 |a Alcaldes   |9 384145 
650 0 |a Gobierno militar   |9 316360 
650 0 |a Dictadura militar  |9 389291 
583 |a last modification  |c 20130613 14:21:00  |k Rodrigo Vera 
999 |c 352107  |d 352105 
952 |0 0  |1 0  |4 0  |6 320_983065000000000_VAL_2012  |7 0  |8 A  |9 456655  |a BIBHIS  |b BIBHIS  |d 2019-11-22  |i 4979508  |l 1  |o 320.983065 VAL 2012  |p 4979508  |r 2025-01-20  |s 2022-11-28  |w 2019-11-22  |y BK  |k HIS 
952 |0 0  |1 0  |3 erb  |4 0  |6 320_983065000000000_VAL_2012  |7 0  |8 A  |9 456656  |a BIBING  |b BIBING  |i 5045398  |o 320.983065 VAL 2012  |p 5045398  |r 2025-01-20  |w 2019-11-22  |y BK  |z Catalogado en:20140109  |k GEO